UBT Library

Dax's case : (Record no. 43780)

000 -LEADER
fixed length control field 00738cam a2200253 a 4500
001 - CONTROL NUMBER
control field 3384915
005 - DATE AND TIME OF LATEST TRANSACTION
control field 20180301040900.0
008 - FIXED-LENGTH DATA ELEMENTS--GENERAL INFORMATION
fixed length control field 880414s1989 txu b 001 0beng
010 ## - LIBRARY OF CONGRESS CONTROL NUMBER
LC control number 88042636
020 ## - INTERNATIONAL STANDARD BOOK NUMBER
International Standard Book Number 0870742779 :
Terms of availability $24.95
020 ## - INTERNATIONAL STANDARD BOOK NUMBER
International Standard Book Number 0870742787 (pbk.) :
Terms of availability $12.50
040 ## - CATALOGING SOURCE
Original cataloging agency DLC
Transcribing agency DLC
Modifying agency DLC
041 ## - LANGUAGE CODE
Language code of text/sound track or separate title eng
043 ## - GEOGRAPHIC AREA CODE
Geographic area code n-us---
080 ## - UNIVERSAL DECIMAL CLASSIFICATION NUMBER
Universal Decimal Classification number 362.197110924 KLI
082 00 - DEWEY DECIMAL CLASSIFICATION NUMBER
Classification number 362.197110924 KLI
-- B
Edition number 19
100 ## - Rafti
Rafti 4
101 ## - Shkurtesa
Shkurtesa SHM
245 00 - TITLE STATEMENT
Title Dax's case :
Statement of responsibility, etc edited by Lonnie D. Kliever.
504 ## - BIBLIOGRAPHY, ETC. NOTE
Bibliography, etc Includes bibliographical references.
906 ## - LOCAL DATA ELEMENT F, LDF (RLIN)
a 7
b cbc
c orignew
d 1
e ocip
f 19
g y-gencatlg
942 ## - ADDED ENTRY ELEMENTS (KOHA)
Source of classification or shelving scheme
Item type Books
Holdings
Withdrawn status Lost status Source of classification or shelving scheme Damaged status Not for loan Collection code Permanent location Current location Shelving location Date acquired Total Checkouts Full call number Barcode Date last seen Price effective from Koha item type
          Koleksioni i përgjithshem UBT - Lipjan UBT - Lipjan Koleksioni i përgjithshem 03/01/2018   362.197110924 KLI 002-3000441 03/01/2018 03/01/2018 Books
UBT Library © 2015-2024. All rights reserved University Education for Business and Technology